000 00652nam a2200205Ia 4500
003 IN-BaIIA
008 211028s9999 xx 000 0 eng d
020 _a0-12-351530-0
040 _cIIA Library
080 _a533.1
_bPHY
100 _aHofer, W. O
_920792
245 0 _aPhysical processes of the interaction of fusion plasmas with solids
_cW. O Hofer and J. Roth
260 _aSan Diego
_bAcademic Press
_c1996
300 _axiii, 389p.
650 _aControlled fusion
_93830
650 _aPlasmas
_91898
650 _aSolids - radiation effects
_920793
700 _aRoth, J.
_920794
942 _cBK
999 _c11955
_d11955